00293nam a2200121Ia 4500008004100000100002000041245003800061260002300099300000900122650001600131942000700147999001700154190216s9999||||xx |||||||||||||| ||und|| aShanthi Narayan 2aA Course Of Amthematical Analysis bS Chand & Coc1968 a436p aMathematics cBK c30496d30496